Busana Melayu Melaka warisan bangsa = Traditional Melaka Malay costumes

Bibliographic Details
Format: Book
Published: Melaka : IKSEP , 2003
Subjects:

MARC

LEADER 00000cam a2200000 7i4500
001 0000036110
005 20130605.0
008 130605
090 0 0 |a 392.09595   |b BUS 
245 1 0 |a Busana Melayu Melaka warisan bangsa = Traditional Melaka Malay costumes   |c editors Dato' Hajah Ramlah Abas 
260 |a Melaka :   |b IKSEP ,   |c 2003 
650 0 |a Clothing and dress   |z Malacca 
650 0 |a Traditional costume 
999 |a 0001227494   |b Book   |c Adult Collection   |e Perbadanan Perpustakaan Awam Johor 
999 |a 0001227495   |b Book   |c Adult Collection   |e Perbadanan Perpustakaan Awam Johor 
999 |a 0001227496   |b Book   |c Adult Collection   |e Perbadanan Perpustakaan Awam Johor